Термохимия сплавов редкоземельных и актиноидных элементов: справочник

Մատենագիտական մանրամասներ
Հիմնական հեղինակ: Лебедев В. А. Владимир Александрович
Այլ հեղինակներ: Кобер В. И. Виктор Иванович, Ямщиков Л. Ф. Леонид Федорович
Լեզու:ռուսերեն
Հրապարակվել է: Челябинск, Металлургия, 1989
Խորագրեր:
Ձևաչափ: Գիրք
KOHA link:https://koha.lib.tpu.ru/cgi-bin/koha/opac-detail.pl?biblionumber=114365

MARC

LEADER 00000nam0a2200000 4500
001 114365
005 20231031122228.0
010 |a 522900066X 
020 |a RU  |b 90-13375 
035 |a (RuTPU)RU\TPU\book\123670 
090 |a 114365 
100 |a 20070421d1989 km a0rusy5003 ca 
101 0 |a rus 
102 |a RU 
105 |a a g 001zy 
200 1 |a Термохимия сплавов редкоземельных и актиноидных элементов  |e справочник  |f В. А. Лебедев, В. И. Кобер, Л. Ф. Ямщиков 
210 |a Челябинск  |c Металлургия  |c Челяб. отд-ние  |d 1989 
215 |a 334,[1] с.  |c граф.  |d 22 см 
320 |a Библиогр.: с. 312-335 (470 назв.) 
610 1 |a редкоземельные металлы 
610 1 |a актиноидные элементы 
610 1 |a термодинамика 
610 1 |a справочники 
610 1 |a сплавы 
610 1 |a термодинамические свойства 
610 1 |a расчеты 
675 |a 669.85/.86(035.5)  |z rus 
675 |a 669.82(035.5)  |z rus 
700 1 |a Лебедев  |b В. А.  |g Владимир Александрович  |4 070 
701 1 |a Кобер  |b В. И.  |g Виктор Иванович 
701 1 |a Ямщиков  |b Л. Ф.  |g Леонид Федорович 
801 0 |a RU  |b RuMRKP  |c 19950417  |g psbo 
801 1 |a RU  |b 63413507  |c 20070421  |g PSBO 
801 2 |a RU  |b 63413507  |c 20080918  |g PSBO 
942 |c BK